00991 a2200241 4500020001500000020001800015082000800033090001300041100002800054245025700082260004900339300002100388490004900409700002800458700001900486700002300505700001800528700002700546830004900573942002100622999001700643952008900660 a069112826X a978069112826904a530 c856d856 aBuchwald, Diana Kormos.14aThe collected papers of albert einstein.nVolume 10 :bthe berlin years :bcorrespondence, may-december 1920, and supplementary correspondence, 1909-1920. ... /cDiana Kormos Buchwald, Tilman Sauer, Ze'ev Rosenkranz, Jozsef Illy, Virginia Iris Holmes. a[S.l.] :bPrinceton University Press,c2006. a384 p. ;c26 cm.1 aCollected papers of albert einstein) (V. 10.1 aBuchwald, Diana Kormos.1 aSauer, Tilman.1 aRosenkranz, Ze'ev.1 aIlly, Jozsef.1 aHolmes, Virginia Iris. 0aCollected papers of albert einstein) (V. 10. aSNScBKk530 KOR c29479d29479 00104070aSNSbSNSd2016-05-26l0o530 KORpSNS0001024r2016-05-26w2016-05-26yBK